Statistics for Star Wars Characters By Letter - S

Click here to take the quiz!

General Stats

  • This quiz has been taken 24 times
  • The average score is 10 of 16

Answer Stats

Answer% Correct
Sebulba
90%
Supreme Leader Snoke
90%
Shmi Skywalker Lars
86%
Supreme Leader Kylo Ren
86%
Sabine Wren
76%
Savage Opress
76%
Shaak Ti
71%
Saw Gerrera
67%
Salacious B. Crumb
62%
Sy Snootles
62%
Saesee Tiin
52%
Steela Gerrera
48%
Shin Hati
38%
Snap Wexley
24%
Stass Allie
19%
Sidon Ithano
14%

Score Distribution

Percentile by Number Answered

Percent of People with Each Score

Your Score History

You have not taken this quiz